|
|
|
|
| LEADER |
01329nab#a2200421#ar4500 |
| 001 |
000100913 |
| 003 |
SVKKK |
| 005 |
20100618085215.0 |
| 008 |
100618c2010 xo |||||||||||||||b|eng |
| FMT |
|
|
|
| 015 |
|
|
|a SNBRB2010/06
|
| 038 |
|
|
|a SVKKK
|
| 040 |
|
|
|a SVKKK
|b slo
|e AACR2
|
| 041 |
0 |
|
|a eng
|b eng
|b slo
|
| 044 |
|
|
|a xo
|c SK
|
| 080 |
|
|
|a 556.537
|2 1997
|
| 080 |
|
|
|a 556.342
|2 1997
|
| 100 |
1 |
|
|a Kumar, Bimlesh
|4 aut
|
| 242 |
1 |
0 |
|a Návrh aluviálneho kanála s použitím siete "Radial basis function network" (RBF) v podmienkach pohybu dna koryta, ovplyvneného priesakom z kanála
|
| 245 |
1 |
0 |
|a Radial basis function network based design of incipient motion condition of alluvial channels with seepage
|c Bimlesh Kumar, Gopu Sreenivasulu, Achanta Ramakrishna Rao
|
| 300 |
|
|
|b Obr., tab.
|
| 504 |
|
|
|a Bibliogr. odkazy
|
| 504 |
|
|
|a Res. angl., slov.
|
| 650 |
0 |
4 |
|a aluviálny kanál
|
| 650 |
0 |
4 |
|a transport sedimentov
|
| 650 |
0 |
4 |
|a pohyb dna koryta
|
| 650 |
0 |
4 |
|a sieť RBF
|
| 650 |
0 |
4 |
|a Shieldsov diagram
|
| 700 |
1 |
|
|a Sreenivasulu, Gopu
|4 aut
|
| 700 |
1 |
|
|a Rao, Achanta Ramakrishna
|4 aut
|
| 773 |
0 |
|
|t Journal of hydrology and hydromechanics
|g Roč. 58, č. 2 (2010), s. 102-113
|x 0042-790X
|
| 958 |
|
|
|a NB
|
| 974 |
|
|
|a Ma
|
| 992 |
|
|
|a RBX
|
| BAS |
|
|
|
| 852 |
|
|
|a SVKKK
|b BIB
|
| EXP |
|
|
|
| 998 |
|
|
|a GEO
|